| 000 | 00641nam a22001817a 4500 | ||
|---|---|---|---|
| 003 | BD-DhUL | ||
| 005 | 20170518081128.0 | ||
| 008 | 160918s1990 b a|||| |||| 000 0 b d | ||
| 040 |
_cBD-DhUL _dBD-DhUL |
||
| 082 |
_a954.92 _bIME |
||
| 100 | 1 | _aইমাম, জাহানারা | |
| 245 |
_aএকাত্তরের দিনগুলি / _cজাহানারা ইমাম |
||
| 260 |
_aঢাকা : _bসন্ধানী, _c১৯৯০ । |
||
| 300 |
_a৩৫৬ পৃ. ; _c২১ সেমি. । |
||
| 650 |
_aবাংলাদেশ _x ইতিহাস |
||
| 650 |
_aBangladesh _xHistory |
||
| 942 |
_2ddc _cBK |
||
| 999 |
_c104894 _d104894 |
||